=LDR 00000nam 2200000 4500 =001 INLIS000000000050747 =005 20170516075832 =035 ##$$a 0010-0517000400 =007 ta =008 170516###########################0###### =020 ##$$a 978-902-7434-61-3 =082 ##$$a 923.5 =084 ##$$a 923.5 HAD b =100 #$$a Hadi, Koncoro =245 1#$$a Buku Pintar Pahlawan Super Lengkap /$c Kuncoro Hadi =260 ##$$a Yogyakarta :$b Familia,$c 2015 =300 ##$$a 491 hlm. : $b Ilus ; $c 20 cm. =650 ##$$a PAHLAWAN =990 ##$$a 85258525 =990 ##$$a 85258525 =990 ##$$a 31700319 =990 ##$$a 02201708525 =990 ##$$a 31700320 =990 ##$$a 31700319 =990 ##$$a 1309813098 =990 ##$$a 1309813098 =990 ##$$a 1309813098 =990 ##$$a 1309813098 =990 ##$$a 1309813098